OPAC | Catalogo Arcigay delle biblioteche LGBTQIA+

Il Catalogo di Arcigay delle Biblioteche LGBTQIA+ è un servizio fornito grazie alla collaborazione tra Arcigay nazionale e le associazioni locali aderenti al progetto che conservano e rendono pubbliche biblioteche a tema LGBTQIA+.

Y tu mama tambien : (Record no. 28929)

MARC details
000 -LEADER
campo di controllo lung. fissa 01065ngm a22002417i 4500
001 - Numero di controllo
campo di controllo IT\ICCU\DDS\0226883
003 - Identificatore del numero di controllo
campo di controllo ItRI
005 - Data e orario dell'ultima transazione
campo di controllo 20260331162257.0
008 - Elementi di lunghezza fissa--Informazione generale
campo di controllo lung. fissa 151215s2001 it |||||||||||||||k|||||c
028 42 - Numero dell’editore o distributore
Numero dell’editore o distributore F4SITS22663DS
Fonte 20th Century Fox
040 ## - Fonte della catalogazione
Lingua della catalogazione ita
Agenzia che fa la trascrizione Arcigay Genova
041 #7 - Codice di lingua
Codice di lingua del testo/traccia sonora o titolo separato ita
Fonte del codice ISO-639-2
082 ## - Numero di classificazione Decimale Dewey
Numero di classificazione 791.43
Numero dell'edizione 14
100 1# - Accesso principale -- nome di persona
Nome di persona Cuarón, Alfonso
Numero del record di authority o numero standard IT\ICCU\REAV\097025
Relazione: drt
245 10 - Formulazione del titolo
Titolo Y tu mama tambien :
Complemento del titolo Anche tua madre /
Formulazione di responsabilità, ecc. regia di Alfonso Cuaron ; cast: Gael Garcia Bernal, Diego Luna, Maribel Verdù ... [et al.].
260 ## - Pubblicazione, distribuzione, ecc. (stampa)
Luogo di pubblicazione, distribuzione, ecc. Milano :
Nome dell'editore, distributore, ecc. Twentieth Century Fox Film Corp.,
Data di pubblicazione, distribuzione, ecc. 2001
300 ## - Descrizione fisica
Estensione 1 DVD (101 min. ca.) :
Altre particolarità fisiche Colore, Suono sul supporto
500 ## - Nota generale
Nota generale Il film è stato premiato per la miglior sceneggiatura al 58° Festival di Venezia. Ha vinto anche il premio Marcello Mastroianni, andato ai due protagonisti maschili. Lingue: italiano e spagnolo. Sottotitoli.. -durata: 101 min. ca.
710 2# - Accesso aggiunto--nome di ente
Nome dell'ente o nome della giurisdizione come accesso 20th Century Fox Film
Numero del record di authority o numero standard IT\ICCU\DDSV\000361
Relazione: pbl
982 #1 - EQUIVALENCE OR CROSS-REFERENCE-SERIES STATEMENT--CONFERENCE OR MEETING NAME/TITLE [LOCAL, CANADA]
Collegamento z01
Nome del convegno o nome della giurisdizione come accesso g
942 ## - Dati aggiuntivi (Koha)
Fonte della classificazione o dello schema di collocazione (segnatura) Classificazione decimale Dewey
Tipo copia default (Koha) Materiali visivi
Nasconto in Opac No
981 #1 - EQUIVALENCE OR CROSS-REFERENCE-SERIES STATEMENT--CORPORATE NAME/TITLE [LOCAL, CANADA]
Collegamento z01
Nome dell'ente o nome della giurisdizione come accesso b
Unità subordinata xa2e
Holdings
Status ritirato Status smarrito: Fonte della classificazione o dello schema di collocazione (segnatura) Status danneggiato: Escluso dal prestito Biblioteca di appartenenza Biblioteca corrente Data di acquisti Totale prestiti Collocazione Codice a barre Data ultima revisione Prezzo effettivo da Tipo copia default (Koha)
    Classificazione decimale Dewey     GENOVA | Arcigay Genova - Approdo Lilia Mulas A.P.S. GENOVA | Arcigay Genova - Approdo Lilia Mulas A.P.S. 31/03/2026   DVD 22 11839 31/03/2026 31/03/2026 Materiali visivi
Se cerchi informazioni su Arcigay, le puoi trovare nel nostro sito: www.arcigay.it